Tous les personnages de l'univers d'Harry Potter - Statistiques

Statistiques générales
  • Ce quiz a été pris 86 fois
    76 depuis la dernière actualisation
  • Le résultat moyen est 124 sur 250
Statistiques - réponses
La série Harry Potter % Correct
Harry Potter
100%
Hermione Granger
100%
Ronald Weasley
100%
Albus Dumbledore
92%
Drago Malefoy
92%
Minerva McGonagall
92%
Voldemort
92%
Fred Weasley
89%
George Weasley
89%
Ginerva Weasley
89%
James Potter
86%
James Sirius Potter
86%
Lily Luna Potter
86%
Lily Potter
86%
Remus Lupin
86%
Rubeus Hagrid
86%
Sirius Black
86%
Cédric Diggory
84%
Dobby
84%
Fleur Delacour
84%
Katie Bell
84%
Lucius Malefoy
84%
Molly Weasley
84%
Teddy Lupin
84%
Dolores Ombrage
81%
Luna Lovegood
81%
Severus Rogue
81%
Abelforth Dumbledore
78%
Arthur Weasley
78%
William (Bill) Weasley
78%
Percy Weasley
78%
Ariana Dumbledore
76%
Charlie Wesaley
76%
Dudley Dursley
76%
Filius Flitwick
76%
Kendra Dumbledore
76%
Nymphadora Tonks
76%
Peter Pettigrew / Croutard
76%
Petunia Dursley
76%
Seamus Finnigan
76%
Tom Jedusor Senior
76%
Alastor Maugrey
73%
Albus Severus Potter
73%
Cho Chang
73%
Goyle senior
73%
Gregory Goyle
73%
Hedwige
73%
Neville Londubat
73%
Pomona Chourave
73%
Vernon Dursley
73%
Andromeda Tonks
70%
Bellatrix Lestrange
70%
Crabbe senior
70%
Gabrielle Delacour
70%
Mimi Geignarde
70%
Narcissa Malefoy
70%
Perceval Dumbledore
70%
Phineas Nigellus Black
70%
Ted Tonks
70%
Vincent Crabbe
70%
Godric Gryffondor
68%
Kreattur
68%
Nagini
68%
Quirinus Quirrell
68%
Salazar Serpentard
68%
Tom le barman
68%
Viktor Krum
68%
Walburga Black
68%
Aragog
65%
Bartemius Croupton Junior
65%
Bartemius Croupton senior
65%
Dean Thomas
65%
Helga Poufsouffle
65%
Orion Black
65%
Padma Patil
65%
Poppy Pomfresh
65%
Amos Diggory
62%
Buck
62%
Nick-Quasi-Sans-Tête
62%
Sibylle Trelawney
62%
Xenophilius Lovegood
62%
Gilderoy Lockhart
62%
Helena Serdaigle / La Dame Grise
62%
Le Baron Sanglant
62%
Marge Dursley
62%
Norbert Dragonneau
62%
Olivier Dubois
62%
Parvati Patil
62%
Pattenrond
62%
Rowena Serdaigle
62%
Aurelius Dumbledore
59%
Colin Crivey
59%
Cornelius Fudge
59%
Gellert Grindelwald
59%
Hannah Abbot
59%
La Grosse Dame
59%
Olympe Maxime
59%
Regulus Black
59%
Renée Bibine
59%
Tobias Rogue
59%
Argus Rusard
57%
Horace Slughorn
57%
Kingsley Shacklebolt
57%
Lavande Brown
57%
Rodolphus Lestrange
57%
Angelina Johnson
54%
Augusta Londubat
54%
Elvis Marvolo Gaunt
54%
Igor Karkaroff
54%
Norbert
54%
Pansy Parkinson
54%
Rabastan Lestrange
54%
Fenrir Greyback
51%
Fumseck
51%
Miss Teigne
51%
Peeves
51%
Rose Granger-Weasley
51%
Touffu
51%
Alice Londubat
49%
Blaise Zabini
49%
Dennis Crivey
49%
Firenze
49%
Garrick Ollivander
49%
Graup
49%
Nicolas Flamel
49%
Alecto Carrow
46%
Amycus Carrow
46%
Bathilda Tourdesac
46%
Elphias Doge
46%
Ernie Danlmur
46%
Ernie Macmillan
46%
Frank Bryce
46%
Frank Londubat
46%
Gaunt Merope
46%
Gripsec
46%
Hugo Granger-Weasley
46%
Le Moine Gras
46%
Leta Lestrange
46%
Morfin Gaunt
46%
Rita Skeeter
46%
Scorpius Malefoy
46%
Susan Bones
46%
Winky
46%
Amelia Bones
43%
Cormac McLaggen
43%
Corvus Lestrange Junior
43%
Crockdur
43%
Errol
43%
Alicia Spinnet
41%
Antonin Dolohov
41%
Bane
41%
Charity Burbage
41%
Coquecigrue
41%
Cuthbert Binns
41%
Edgar Bones
41%
Ignotus Peverell
41%
Lee Jordan
41%
Mary Lou Bellebosse
41%
Sinistra Aurora
41%
Stan Rocade
41%
Anthony Goldstein
38%
Antioch Peverell
38%
Arnold Guzman
38%
Barjow
38%
Cadmus Peverell
38%
Evan Rosier
38%
Michael Corner
38%
Mondingus Fletcher
38%
Queenie Goldstein
38%
Rufus Scrimgeour
38%
Teddy
38%
Trevor
38%
Arabella Figg
35%
Armando Dippet
35%
Arnold
35%
Astoria Greengrass
35%
Hepzibah Smith
35%
Irma Pince
35%
Mafalda Hopkrik
35%
Marcus Flint
35%
Millicent Bulstrode
35%
Muriel Weasley
35%
Théodore Nott junior
35%
Theodore Nott Senior
35%
Tina Goldstein
35%
Victoire Weasley
35%
Wilhelmina Gobe-Planche
35%
Algie Londubat
32%
Beurk
32%
Delphi Diggory
32%
Fabian Prewett
32%
Justin Flinch-Fletchey
32%
Ludovic Verpey
32%
Thésée Dragonneau
32%
Zacharias Smith
32%
Corban Yaxley
30%
Eileen Prince
30%
Gideon Prewett
30%
Hermès
30%
Jacob Kowalski
30%
Anton Vogel
27%
Augustus Rookwood
27%
Dedalus Diggle
27%
Marcus Belby
27%
Marietta Edgecombe
27%
Romilda Vane
27%
Rosmerta
27%
Vinda Rosier
27%
Avery Junior
24%
Florian Fortarôme
24%
Roger Davies
24%
Croyance Bellebosse
22%
Daphné Greengrass
22%
Gregorovitch
22%
Hestia Jones
22%
Pénélope Deauclaire
22%
Septima Vector
22%
Terry Boot
22%
Bilius Weasley
19%
Craig Montague
19%
Demelza Robins
19%
Madame Guipure
19%
Marlene McKinnon
19%
Yusuf Kama
19%
Jimmy Peakes
16%
Lucien Bole
16%
Modestie Bellebosse
16%
Percival Graves
16%
Pernelle Flamel
16%
Walden Macnair
16%
Beedle le Barde
14%
Leanne
14%
Richie Coote
14%
Laurena Kama
11%
Mustafa Kama
11%
Séraphine Picquery
11%
Shaw Henry
11%
Thorfinn Rowle
11%
Torquil Travers
11%
Travers
11%
Eulalie Hicks
8%
Gunnar Grimmson
8%
Mulciber Senior
8%
Terence Higgs
8%
Cassius Warrington
5%
Scabior
5%
Selwyn
5%
Têtenjoy Galatea
3%
Vicência Santos
3%
Rudolph Spielman
0%
Aucun quiz correspondant
Distribution des résultats
% des personnes avec chaque résultat
Percentile par nombre de réponses
Votre historique - résultats
Vous n’avez pas pris ce quiz depuis la dernière actualisation